00751naa a2200289 a 450000100080000000500110000800800410001910000160006024500890007626000090016550000110017465000250018565000260021065000120023665000170024865000120026565000130027765000090029065000090029965300150030865300120032365300180033570000190035370000210037270000230039377300450041613204551995-08-17 1994 bl uuuu u00u1 u #d1 aROSA, I. V. aEfeito da restricao mineral no periodo seco sobre o desempenho de bovinos de recria. c1994 aCNPGC. aBrachiaria Brizantha aBrachiaria Humidicola aCerrado aDeficiência aMineral aPastagem aPeso aSolo aDesempenho aMarandu aSuplementacao1 aREIS, R. A. T.1 aMORAES, S. da S.1 aNICODEMO, M. L. F. tO Corte, Sao Paulogn.40, p.30-31, 1994.